Executive time management : Getting 12 hours work out of an 8 hour day (Record no. 167526)
[ view plain ]
| 000 -LEADER | |
|---|---|
| fixed length control field | 00412nam a2200145Ia 4500 |
| 008 - FIXED-LENGTH DATA ELEMENTS--GENERAL INFORMATION | |
| fixed length control field | 231217s9999 xx 000 0 und d |
| 041 ## - LANGUAGE CODE | |
| Language code of text/sound track or separate title | English |
| 082 ## - DEWEY DECIMAL CLASSIFICATION NUMBER | |
| Classification number | 658.4093 REY;2 |
| 100 ## - MAIN ENTRY--PERSONAL NAME | |
| Personal name | Reynolds, HelenTramel, Mary E |
| 245 #0 - TITLE STATEMENT | |
| Title | Executive time management : Getting 12 hours work out of an 8 hour day |
| 260 ## - PUBLICATION, DISTRIBUTION, ETC. | |
| Date of publication, distribution, etc. | 1994 |
| Name of publisher, distributor, etc. | Mumbai : Jaico, |
| 300 ## - PHYSICAL DESCRIPTION | |
| Extent | xiv+174 |
| 650 ## - SUBJECT ADDED ENTRY--TOPICAL TERM | |
| Topical term or geographic name entry element | Time management |
| 942 ## - ADDED ENTRY ELEMENTS (KOHA) | |
| Koha item type | Books |
| Date last seen | Total checkouts | Full call number | Accession number | Cost, total (INR) price | Price effective from | Category | Lost status | Damaged status | Department | Withdrawn status | Home library | Current library | Entry date | Cost, normal purchase price | Grants | Billnumber | Billdate | Currency symbol | Conversion rate | Discount | Old discount |
|---|---|---|---|---|---|---|---|---|---|---|---|---|---|---|---|---|---|---|---|---|---|
| 26/01/2024 | 658.4093 REY;2 | 16774 | 68.00 | 26/01/2024 | Books | Central Library | Central Library | Central Library | 07/12/2000 | 80.00 | GEN | FF 4728 | 17/04/2015 | RS | 1 | 12 | 15 |
